000 01020nam0a22002651 4500
001 rc\387602
005 20030616165250.4
035 _a(NLR Aleph) 005637704
090 _a6635185
_c6635185
100 _a20030616d1989 u |0rusy50 ca
101 0 _arus
102 _aRU
105 _aa |||||||||
200 1 _aШВЕЙНО-ГЛАДИЛЬНЫЕ агрегаты
_f[Сост. к. т. н. Ю.Е. Левицкий, инж. В.С. Букин]
210 _aМ.
_cЦНИИТЭИлегпрома
_d1989
215 _a34 с.
_cил.
_d22
225 1 _aШвейная промышленность
_eОбзор. информ.
_fЦНИИ информ. и техн.-экон. исслед. лег. пром-сти
_vВып. 2
300 _aВ надзаг.: М-во лег. пром-сти СССР
320 _aБиблиогр.: с. 32-33
702 1 _aЛевицкий
_bЮ. Е.
_gЮрий Ефимович
_4220
801 0 _aRU
_bNLR
_gpsbo
801 1 _aRU
_bELAR
_2rusmarc
852 _aNLR
_jП10/5175
942 _cBOOK
980 _aNB